The Effects of Information Systems and Information Technologies as a Key Factor in Increasing the Competitiveness of Companies

Prezentácia výsledkov výskumu zameraného na identifikáciu zákazníckych efektov dosahovaných implementáciou a integráciou inovatívnych technológií a informačných systémov.

Salvato in:
Dettagli Bibliografici
Autore principale: Bolek, Vladimír, 1988-
Natura: Capitolo di libro
Lingua:inglese
Soggetti:
Tags: Aggiungi Tag
Nessun Tag, puoi essere il primo ad aggiungerne!!

MARC

LEADER 00000naa a2200000 4500
001 0280721
005 20240521124455.4
041 0 |a eng 
044 |a CZ 
245 1 0 |a The Effects of Information Systems and Information Technologies as a Key Factor in Increasing the Competitiveness of Companies  |c Vladimír Bolek 
520 |a Prezentácia výsledkov výskumu zameraného na identifikáciu zákazníckych efektov dosahovaných implementáciou a integráciou inovatívnych technológií a informačných systémov. 
610 2 0 |a technológie informačné 
610 2 0 |a systémy informačné 
610 2 0 |a konkurencieschopnosť 
610 2 0 |a zákazníci 
610 2 0 |a implementácia 
610 2 0 |a integrácia 
100 1 |a Bolek, Vladimír, 1988-